Countries, Capitals, Flags of the World (Random Quiz) - Statistics

General Stats
  • This quiz has been taken 116 times
    23 since last reset
  • The average score is 18 of 20
Answer Stats
Picture Answer % Correct
Afghanistan / Kabul
100%
Albania / Tirana
100%
Algeria / Algiers
100%
Andorra / Andorra la Vella
100%
Australia / Canberra
100%
Austria / Vienna
100%
Bahamas / Nassau
100%
Bangladesh / Dhaka
100%
Barbados / Bridgetown
100%
Belarus / Minsk
100%
Belize / Belmopan
100%
Bhutan / Thimphu
100%
Bolivia / Sucre ; La Paz
100%
Bosnia and Herzegovina / Sarajevo
100%
Burundi / Gitega
100%
Cambodia / Phnom Penh
100%
Cameroon / Yaoundé
100%
Canada / Ottawa
100%
Cape Verde / Praia
100%
Central African Republic / Bangui
100%
Chad / N'Djamena
100%
Chile / Santiago
100%
Cuba / Havana
100%
Democratic Republic of the Congo / Kinshasa
100%
Denmark / Copenhagen
100%
Dominican Republic / Santo Domingo
100%
East Timor / Dili
100%
Ecuador / Quito
100%
Egypt / Cairo
100%
Equatorial Guinea / Ciudad de la Paz
100%
Ethiopia / Addis Ababa
100%
Federated States of Micronesia / Palikir
100%
Finland / Helsinki
100%
Gambia / Banjul
100%
Georgia / Tbilisi
100%
Greece / Athens
100%
Guatemala / Guatemala City
100%
Haiti / Port-au-Prince
100%
Hungary / Budapest
100%
Indonesia / Jakarta ; Nusantara
100%
Iran / Tehran
100%
Iraq / Baghdad
100%
Israel / Jerusalem
100%
Italy / Rome
100%
Ivory Coast / Yamoussoukro
100%
Japan / Tokyo
100%
Kazakhstan / Astana
100%
Kiribati / South Tarawa
100%
Kosovo / Pristina
100%
Kuwait / Kuwait City
100%
Kyrgyzstan / Bishkek
100%
Laos / Vientiane
100%
Latvia / Riga
100%
Lebanon / Beirut
100%
Lesotho / Maseru
100%
Libya / Tripoli
100%
Lithuania / Vilnius
100%
Malawi / Lilongwe
100%
Mali / Bamako
100%
Marshall Islands / Majuro ; Delap-Uliga-Djarrit
100%
Mauritania / Nouakchott
100%
Mauritius / Port Louis
100%
Mexico / Mexico City
100%
Moldova / Chișinău
100%
Monaco / Monaco
100%
Mongolia / Ulaanbaatar
100%
Montenegro / Podgorica
100%
Morocco / Rabat
100%
Myanmar / Naypyidaw
100%
Netherlands / Amsterdam
100%
New Zealand / Wellington
100%
Nicaragua / Managua
100%
North Macedonia / Skopje
100%
Palau / Melekeok ; Ngerulmud
100%
Papua New Guinea / Port Moresby
100%
Paraguay / Asunción
100%
Peru / Lima
100%
Poland / Warsaw
100%
Portugal / Lisbon
100%
Qatar / Doha
100%
Saint Lucia / Castries
100%
Serbia / Belgrade
100%
Seychelles / Victoria
100%
Singapore / Singapore
100%
Slovenia / Ljubljana
100%
Somalia / Mogadishu
100%
South Africa / Cape Town ; Pretoria ; Bloemfontein
100%
South Korea / Seoul
100%
South Sudan / Juba
100%
Spain / Madrid
100%
Sudan / Khartoum
100%
Suriname / Paramaribo
100%
Sweden / Stockholm
100%
Taiwan / Taipei
100%
Tunisia / Tunis
100%
Turkey / Ankara
100%
Turkmenistan / Ashgabat
100%
Ukraine / Kyiv
100%
United States / Washington D.C.
100%
Vanuatu / Port Vila
100%
Vatican City / Vatican City
100%
Syria / Damascus
67%
Antigua and Barbuda / Saint John's
50%
Comoros / Moroni
50%
Croatia / Zagreb
50%
Cyprus / Nicosia
50%
Saint-Kitts-et-Nevis / Basseterre
50%
Saint Vincent and the Grenadines / Kingstown
50%
Angola / Luanda
0%
Argentina / Buenos Aires
0%
Armenia / Yerevan
0%
Azerbaijan / Baku
0%
Bahrain / Manama
0%
Belgium / Brussels
0%
Benin / Porto-Novo
0%
Botswana / Gaborone
0%
Brazil / Brasília
0%
Brunei / Bandar Seri Begawan
0%
Bulgaria / Sofia
0%
Burkina Faso / Ouagadougou
0%
China / Beijing
0%
Colombia / Bogotá
0%
Costa Rica / San José
0%
Czech Republic / Prague
0%
Djibouti / Djibouti
0%
Dominica / Roseau
0%
El Salvador / San Salvador
0%
Eritrea / Asmara
0%
Estonia / Tallinn
0%
Eswatini / Mbabane
0%
Fiji / Suva
0%
France / Paris
0%
Gabon / Libreville
0%
Germany / Berlin
0%
Ghana / Accra
0%
Grenada / Saint George's
0%
Guinea-Bissau / Bissau
0%
Guinea / Conakry
0%
Guyana / Georgetown
0%
Honduras / Tegucigalpa
0%
Iceland / Reykjavik
0%
India / New Delhi
0%
Ireland / Dublin
0%
Jamaica / Kingston
0%
Jordan / Amman
0%
Kenya / Nairobi
0%
Liberia / Monrovia
0%
Liechtenstein / Vaduz
0%
Luxembourg / Luxembourg
0%
Madagascar / Antananarivo
0%
Malaysia / Kuala Lumpur
0%
Maldives / Malé
0%
Malta / Valletta
0%
Mozambique / Maputo
0%
Namibia / Windhoek
0%
Nauru / Yaren
0%
Nepal / Kathmandu
0%
Nigeria / Abuja
0%
Niger / Niamey
0%
North Korea / Pyongyang
0%
Norway / Oslo
0%
Oman / Muscat
0%
Pakistan / Islamabad
0%
Panama / Panama City
0%
Philippines / Manila
0%
Republic of the Congo / Brazzaville
0%
Romania / Bucharest
0%
Russia / Moscow
0%
Rwanda / Kigali
0%
Samoa / Apia
0%
San Marino / San Marino
0%
São Tomé and Principe / São Tomé
0%
Saudi Arabia / Riyadh
0%
Senegal / Dakar
0%
Sierra Leone / Freetown
0%
Slovakia / Bratislava
0%
Solomon Islands / Honiara
0%
Sri Lanka / Sri Jayawardenapura Kotte ; Colombo
0%
Switzerland / Bern
0%
Tajikistan / Dushanbe
0%
Tanzania / Dodoma
0%
Thailand / Bangkok
0%
Togo / Lomé
0%
Tonga / Nuku’alofa
0%
Trinidad and Tobago / Port-of-Spain
0%
Tuvalu / Funafuti
0%
Uganda / Kampala
0%
United Arab Emirates / Abu Dhabi
0%
United Kingdom / London
0%
Uruguay / Montevideo
0%
Uzbekistan / Tashkent
0%
Venezuela / Caracas
0%
Vietnam / Hanoi
0%
Yemen / Sana'a
0%
Zambia / Lusaka
0%
Zimbabwe / Harare
0%
No matching quizzes found
Score Distribution
Percent of People with Each Score
Percentile by Number Answered
Your Score History
You have not taken this quiz since the last reset